[Event "Assiut op 04th"]
[Site "Assiut"]
[Date "2008.07.22"]
[Round "4"]
[White "Wageih, Kareim"]
[Black "Aly, Alaa Eldin"]
[Result "1/2-1/2"]
[WhiteElo "2214"]
[BlackElo "2043"]
[PlyCount "62"]
[EventDate "2008.07.19"]
[EventType "swiss"]
[EventRounds "9"]
[EventCountry "EGY"]
[SourceTitle "EXT 2009"]
[Source "ChessBase"]
[SourceDate "2008.11.26"]
[SourceVersion "1"]
[SourceVersionDate "2008.11.26"]
[SourceQuality "1"]

1. d4 Nf6 2. Nf3 g6 3. e3 Bg7 4. c4 d6 5. Nc3 0-0 6. Be2 c6 7. 0-0 Nbd7 8. b4 a5 9. b5 Qc7 10. Ba3 Rd8 11. Rc1 e5 12. Qb3 exd4 13. exd4 Nf8 14. Na4 Bg4 15. h3 Re8 16. Rfe1 Bxf3 17. Bxf3 Ne6 18. Bb2 Nd7 19. Qd1 Nb6 20. c5 Nxa4 21. Qxa4 dxc5 22. bxc6 b5 23. Qxb5 Nxd4 24. Bxd4 Bxd4 25. Qb7 Rxe1+ 26. Rxe1 Ra7 27. Qb5 Kg7 28. Re8 Qf4 29. Qe2 h5 30. Re4 Qd6 31. Re8 Qf4 1/2-1/2